Risultati Serie A 2023-2024 - 7ª giornata - Statistics

Statistiche generali
  • Questo quiz è stato fatto 20 volte
  • Il punteggio medio è 4 su 10
Statistiche sulle risposte
Hint Risposta % Corretto
Lecce-Napoli 0-4
63%
Salernitana-Inter 0-4
63%
Sassuolo-Monza 0-1
38%
Roma-Frosinone 2-0
38%
Udinese-Genoa 2-2
38%
Atalanta-Juventus 0-0
31%
Torino-Verona 0-0
31%
Milan-Lazio 2-0
19%
Bologna-Empoli 3-0
19%
Fiorentina-Cagliari 3-0
13%
Nessun quiz corrispondente trovato
Distribuzione punteggi
Percentuale di utenti per punteggio
Percentile per numero di risposta
I tuoi punteggi nel tempo
Non hai fatto questo quiz